• 首页
  • 本馆介绍
  • 公告通知
  • 最新文献
  • 馆藏检索
  • 电子资源
  • 读者导购
  • 参考咨询
  • 我的图书馆
  • 登录
  • 详细信息显示
  • 放入我的书架
  • 预约/预借图书
  • 作者相关作品
  • 分类相关作品
  • 丛书相关作品
  • 出版社相关作品

书目信息

  • 表格格式
  • 工作单格式
  • 卡片格式
题名:
中学生学习心理与学习方法
    
 
作者: 李鸿灿
分册:  
出版信息: 广东   广东高等教育  1999
页数: 91页
开本: 19cm
丛书名:
单 册:
中图分类: B849:G442
科图分类:
主题词: 应用心理学
电子资源:
ISBN: 7-5361-2304-3
000 00538nam0 2200181 450
001 0753865015
005 20070818145745.01
010    @a7-5361-2304-3@d¥6.00
100    @a20070818d km y0chiy0120 ea
101 0  @achi
200 1  @a中学生学习心理与学习方法@Azhong xue sheng xue xi xin li yu xue xi fang fa@f李鸿灿@Fli hong can
210    @a广东@c广东高等教育@d1999
215    @a91页@d19cm
606 0  @a应用心理学
690    @aB849:G442@v3
701  0 @a李鸿灿@Ali hong can
801  0 @aCN@bPFT@c20070818
905    @a213230@dB849:G442@ee134@f1
    
    中学生学习心理与学习方法/李鸿灿.-广东:广东高等教育,1999
    91页;19cm
    
    
    ISBN 7-5361-2304-3:¥6.00
    
●
相关链接 在E读中查询图书 在五车中查询图书 在当当中查询图书 在豆瓣中查询图书


正题名:中学生学习心理与学习方法     索取号:B849:G442/e134         预约/预借

序号 登录号 条形码 馆藏地/架位号 状态 备注
1 6300203   263002039   教育系资料室/ [索取号:B849:G442/e134] 在馆    
2 6300204   263002048   教育系资料室/ [索取号:B849:G442/e134] 在馆    
唐山师范学院图书馆 欢迎您!
大连网信软件有限公司© 版权所有